000 01001nam a22002417a 4500
003 OSt
005 20260323191928.0
008 250925b |||||||| |||| 00| 0 eng d
040 _c0
082 _aDper 370.15 J826 January-April 2024 v. 116 n. 1-3
100 _aSosin, Anne.
_eauthor.
_968112
245 _aWeek-to-week fluctuations in autonomous study motivation :
_blinks ti need fulfillment and affective well-being /
_cAnne Sosin and 2 others.
260 _aWashington, DC ;
_bAmerican Psychological Association ,
_cJanuary 2024.
300 _aVolume 116, pages 36-47 :
_billustration ;
_c28 cm.
500 _aJournal of Educational Psychology, vol. 116, no. 1-3, pages 36-47, January-April 2024.
650 0 _a Big Five Inventory
_969745
650 0 _aPsychological patterns.
_967112
650 0 _aStudent Motivation.
_966486
700 _aSosin, Anne.
_eauthor.
_968112
710 _aKramer, Andrea C.
_eauthor.
_968113
711 _aNeubauer, Andreas B.
_jauthor.
_968114
942 _2ddc
_cPER
999 _c23873
_d23873